Govt. of
Madhya Pradesh

India Vision 2020 And Vision Document Of some States (Record no. 16604)

MARC details
000 -LEADER
fixed length control field 004020000a22001570004500
001 - CONTROL NUMBER
control field 004717
003 - CONTROL NUMBER IDENTIFIER
control field MACL
040 ## - CATALOGING SOURCE
Original cataloging agency MACL
090 ## - LOCALLY ASSIGNED LC-TYPE CALL NUMBER (OCLC); LOCAL CALL NUMBER (RLIN)
-- 16710
-- 16709
245 ## - TITLE STATEMENT
Title India Vision 2020 And Vision Document Of some States
Remainder of title Report Of The Committee On India Vision:2020
260 ## - PUBLICATION, DISTRIBUTION, ETC. (IMPRINT)
Place of publication, distribution, etc. Academic Foundation,
Date of publication, distribution, etc. 2003
350 ## - PRICE (NR) (BK AM CF MU VM SE) [OBSOLETE]
Price 395
650 ## - SUBJECT ADDED ENTRY--TOPICAL TERM
Topical term or geographic name as entry element Social Science
942 ## - ADDED ENTRY ELEMENTS (KOHA)
Call number prefix 330
Koha item type Library Membar
951 ## - EQUIVALENCE OR CROSS-REFERENCE--GEOGRAPHIC NAME/AREA NAME [OBSOLETE] [CAN/MARC only]
-- 330 Book

No items available.